Responses for show #5814 - Thursday, December 17, 2009

2009-2010 Million Dollar Celebrity Invitational quarterfinal game 4.

Contestants

[<< previous game]

Joshua Malina, a TV actor and creator/producer from Celebrity Poker Showdown

Harry Shearer, a humorist, Spinal Tap bassist, and voice from The Simpsons

Christopher Meloni, a star from Law & Order: SVU and HBO's Oz

[next game >>]

Jeopardy! Round responses

THEATRE
CELEBRITY HEADACHES
HAPPY FEDERAL HOLIDAY!
NAME THAT LANGUAGE
IN PLAIN SIGHT
LIMERICK TIME
    $200 8
Hamlet

Christopher
    $200 13
paparazzi

Christopher
    $200 6
thanksgiving

Harry
    $200 1
Spanish

Christopher
    $200 16
(Joshua: What is the Washington Monument?)

Mount Rushmore

HarryJoshua
    $200 24
Twitter

Joshua
    $400 9
The Odd Couple

Harry
    $400 14
an autograph

Harry
    $400 7
Martin Luther King

Joshua
    $400 2
(Alex: Yes, "I want something leather".)

German

Christopher
    $400 17
the Great Wall of China

Harry
    $400 25
(Alex: What rhymes with dancer? The sign is [*].)

Cancer

Triple Stumper
    $600 12
Driving Miss Daisy

Christopher
    $600 15
Zurich

Christopher
    $400 10
Columbus Day

Harry
    $600 3
Italian

Joshua
    $600 18
the Hoover

Christopher
    $600 26
[The end-of-round signal sounds.]

Lent

Joshua
    $800 22
(Alex: A minute to go.)

Tennessee Williams

Christopher
    $800 11
Christmas

Joshua
    $800 4
Japanese

Christopher
    $800 19
the Great Barrier Reef

Christopher
    $1000 23
Federico Fellini

Harry
    $1000 21
Labor Day

Joshua
    $1000 5
Latin

Harry
    $1000 20
Easter Island

Harry

Scores at the first commercial break (after clue 15):

Christopher Harry Joshua
$3,000 $2,400 $1,800

Scores at the end of the Jeopardy! Round:

Christopher Harry Joshua
$5,200 $5,000 $3,400

Double Jeopardy! Round responses

SCIENCE
THE FOLKSMEN
IN A GOOD CAUSE
PEOPLE BOOKS
STABLER
"ARG"!!!
    $400 20
chlorophyll

Harry
    $400 8
Bob Dylan

Christopher
    $400 7
Poland

Harry
    $400 13
(Christopher: What are names?)

diapers

Christopher
Triple Stumper
    $400 2
a fin

Harry
    $400 1
barge

Christopher
    $800 21
inches

Joshua
    $800 10
Peter & Paul

Christopher
    $800 9
equality

Harry
    $800 14
spaghetti

Joshua
    $800 27
ice cream

Harry
    $800 3
margin

Triple Stumper
    $3,000 26
a sugar

Joshua
    $1200 12
Paul Simon

Joshua
    $1200 11
death row

Harry
    $1200 15
best friends forever

Christopher
    $1200 28
(Joshua: What is anchoring?)
(Harry: What is shoring?)

retrofit

HarryJoshua
Triple Stumper
    $1200 4
lethargic

Christopher
    $1600 25
(Christopher: What is a Stegosaurus?)
...
(Alex: With a minute to go now.)

a Triceratops

ChristopherJoshua
    $1600 17
The Kingston Trio

Harry
    $1600 16
mosquitoes

Harry
    $1600 22
Charleston

Triple Stumper
    $1600 29
[The end-of-round signal sounds.]

manic depression (or bipolar)

Joshua
    $1600 5
Key Largo

Triple Stumper
    $2000 24
hydrogen

Christopher
    $2000 18
Woody Guthrie

Harry
    $2000 19
reservations

Christopher
    $3,300 23
(Joshua: [Whispering] I don't know.)
(Alex: Well, the reference to Harry was Harry Potter.)

J.K. Rowling

Joshua
    $2000 6
cargo pants

Christopher

Scores at the end of the Double Jeopardy! Round:

Christopher Harry Joshua
$13,200 $13,000 $7,900

[wagering suggestions for these scores]

Final Jeopardy! Round responses

FADS
(Alex: [To Harry] Better than that thing you were using on, uh, For Your Consideration.)
(Harry: Oh, Hula Balls, yeah.)
(Alex: Yes, Hula Balls!)
JoshuaWhat is the boomerang?
$7,899
HarryWhat is the hula hoop?
$4,000
ChristopherWhat is a Nautilaus machine
$13,000
the hula hoop

Final scores:

Christopher Harry Joshua
$200 $17,000 $1
2nd place: $25,000 to Smile Train Winner: $50,000 to Common Ground Relief 3rd place: $25,000 to the Archer School for Girls

Game dynamics:

Coryat scores:

Christopher Harry Joshua
$13,200 $13,200 $9,400
18 R,
2 W
18 R
(including 1 DD),
1 W
12 R
(including 1 DD),
3 W
(including 1 DD)

Combined Coryat: $35,800

The J! Archive is created by fans, for fans. The Jeopardy! game show and all elements thereof, including but not limited to copyright and trademark thereto, are the property of Jeopardy Productions, Inc. and are protected under law. This website is not affiliated with, sponsored by, or operated by Jeopardy Productions, Inc. Join the discussion at JBoard.tv.